Home Print Resources E-Books E-Journals IIMT Lecture Series Library Membership Form Book Recommendation Form Campus Tour Take AdmissionAbout Us Contact Us

BUSINESS ETHICS & PROFESSIONAL VALUES (Record no. 2419)

000 -LEADER
fixed length control field 00367nam a2200157Ia 4500
003 - CONTROL NUMBER IDENTIFIER
control field OSt
005 - DATE AND TIME OF LATEST TRANSACTION
control field 20240104113941.0
008 - FIXED-LENGTH DATA ELEMENTS--GENERAL INFORMATION
fixed length control field 170524s9999 xx 000 0 und d
020 ## - INTERNATIONAL STANDARD BOOK NUMBER
International Standard Book Number 8174464794
040 ## - CATALOGING SOURCE
Transcribing agency iimt university meerut
100 ## - MAIN ENTRY--PERSONAL NAME
Personal name RAO-A.B
100 ## - MAIN ENTRY--PERSONAL NAME
Titles and words associated with a name 2010
245 #0 - TITLE STATEMENT
Title BUSINESS ETHICS & PROFESSIONAL VALUES
260 ## - PUBLICATION, DISTRIBUTION, ETC.
Place of publication, distribution, etc. EXCEL BOOK
942 ## - ADDED ENTRY ELEMENTS (KOHA)
Source of classification or shelving scheme
Koha item type Book Bank
Holdings
Withdrawn status Lost status Source of classification or shelving scheme Damaged status Not for loan Home library Current library Date acquired Barcode Date last seen Uniform Resource Identifier Price effective from Koha item type
          IIMT University Central Library Meerut IIMT University Central Library Meerut 05/30/2017 01-B-17665 05/30/2017 MANEGEMENT 05/30/2017 Book Bank
          IIMT University Central Library Meerut IIMT University Central Library Meerut 05/30/2017 01-B-17666 05/30/2017 MANEGEMENT 05/30/2017 Book Bank
          IIMT University Central Library Meerut IIMT University Central Library Meerut 05/30/2017 01-B-17667 05/30/2017 MANEGEMENT 05/30/2017 Book Bank
          IIMT University Central Library Meerut IIMT University Central Library Meerut 05/30/2017 01-B-17668 05/30/2017 MANEGEMENT 05/30/2017 Book Bank
          IIMT University Central Library Meerut IIMT University Central Library Meerut 05/30/2017 01-B-17669 05/30/2017 MANEGEMENT 05/30/2017 Book Bank
          IIMT University Central Library Meerut IIMT University Central Library Meerut 05/30/2017 01-B-17670 05/30/2017 MANEGEMENT 05/30/2017 Book Bank
          IIMT University Central Library Meerut IIMT University Central Library Meerut 05/30/2017 01-B-17671 05/30/2017 MANEGEMENT 05/30/2017 Book Bank
          IIMT University Central Library Meerut IIMT University Central Library Meerut 05/30/2017 01-B-17672 05/30/2017 MANEGEMENT 05/30/2017 Book Bank
          IIMT University Central Library Meerut IIMT University Central Library Meerut 05/30/2017 01-B-17673 05/30/2017 MANEGEMENT 05/30/2017 Book Bank
          IIMT University Central Library Meerut IIMT University Central Library Meerut 05/30/2017 01-B-17674 05/30/2017 MANEGEMENT 05/30/2017 Book Bank
IIMT, Central Library. All Rights Reserved IIMT,UNIVERSITY © 2023
Implemented and Customised by I CLOUDE EMS
You Are OPAC Visitor No
free web counter

Powered by Koha